000 00679cab a2200217 4500
001 WB3510-13
008 090401t1999 xxu||||| |||| 00| 0 eng d
035 _a(Sirsi) u92011
041 _aeng
245 _aGas safety regulation put the onus on landlords
260 _c1999
350 _a0
490 _aEstate Agency News
_v(143) March 1999, 16(1)
520 _aSummarises the requirements of the Gas Safety (Installation and Use) Regulations 1998.
650 _aGAS SAFETY (INSTALLATION AND USE) REGULATIONS 1998
650 _aHEALTH AND SAFETY
_96244
650 _aLANDLORDS
690 _aBUILDING AND CONSTRUCTION-REGULATIONS
942 _n0
948 _c11/03/1999
999 _c58349
_d58349